000 00193nam a2200085Ia 4500
008 120527s9999 xx 000 0 und d
100 _aEATON, C.
245 _aImmediate medical care
942 _cBK
999 _c25756
_d25756